Long shot : (Record no. 4395)

MARC details
000 -LEADER
fixed length control field 01060cam a2200277 a 4500
005 - DATE AND TIME OF LATEST TRANSACTION
control field 20250528123635.0
020 ## - INTERNATIONAL STANDARD BOOK NUMBER
International Standard Book Number 9780545343107
040 ## - CATALOGING SOURCE
Original cataloging agency DLC
Transcribing agency DLC
Modifying agency DLC
Language of cataloging eng
050 00 - LIBRARY OF CONGRESS CALL NUMBER
Classification number PZ7.P2783425
Item number 2009
082 00 - DEWEY DECIMAL CLASSIFICATION NUMBER
Classification number 796.323
100 1# - MAIN ENTRY--PERSONAL NAME
Personal name Paul, Chris
245 10 - TITLE STATEMENT
Title Long shot :
Remainder of title never too small to dream big /
Statement of responsibility, etc. Chris Paul ; illustrated by Frank Morrison
250 ## - EDITION STATEMENT
Edition statement First edition
260 ## - PUBLICATION, DISTRIBUTION, ETC.
Place of publication, distribution, etc. New York :
Name of publisher, distributor, etc. Scholastic ;
Date of publication, distribution, etc. 2009 .
300 ## - PHYSICAL DESCRIPTION
Extent 32 unnumbered pages :
Other physical details color illustrations ;
Dimensions 29 cm.
505 ## - FORMATTED CONTENTS NOTE
Formatted contents note N <br/>
520 ## - SUMMARY, ETC.
Summary, etc. Although he is shorter than most of his classmates and everyone discourages him from trying out for the basketball team, eight-year-old Chris Paul, future NBA All-Star, just works harder than everyone else so his size will not matter.
521 1# - TARGET AUDIENCE NOTE
Target audience note 580 <br/>
Source Lexile AD <br/>
650 #1 - SUBJECT ADDED ENTRY--TOPICAL TERM
Topical term or geographic name entry element Basketball
Form subdivision Fiction.
650 #1 - SUBJECT ADDED ENTRY--TOPICAL TERM
Topical term or geographic name entry element Size
Form subdivision Fiction.
650 #1 - SUBJECT ADDED ENTRY--TOPICAL TERM
Topical term or geographic name entry element Persistence
Form subdivision Fiction.
700 1# - ADDED ENTRY--PERSONAL NAME
Personal name Morrison, Frank,
Dates associated with a name 1971-
Relator term illustrator
906 ## - LOCAL DATA ELEMENT F, LDF (RLIN)
a 7
b cbc
c orignew
d 1
e ecip
f 20
g y-gencatlg
942 ## - ADDED ENTRY ELEMENTS (KOHA)
Source of classification or shelving scheme Dewey Decimal Classification
Koha item type Books
Suppress in OPAC No
999 ## -
-- 4395
-- 4395
Holdings
Withdrawn status Lost status Source of classification or shelving scheme Damaged status Not for loan Collection Home library Current library Shelving location Date acquired Total Checkouts Full call number Barcode Date last seen Date last checked out Copy number Price effective from Koha item type
    Dewey Decimal Classification     Juvenile Fiction Footprints International School Library Network Toul Tom Poung Campus Footprints International School Library Network Toul Tom Poung Campus TTP Primary Yellow Bookshelves 08/19/2024 1 PAU 796.323 PZ7.P2783425 FISBK06317 06/13/2025 04/25/2025 1 08/19/2024 Books
    Dewey Decimal Classification     Juvenile Fiction Footprints International School Library Network Toul Tom Poung Campus Footprints International School Library Network Toul Tom Poung Campus TTP Primary Yellow Bookshelves 09/09/2025   PAU 796.323 PZ7.P2783425 FIS00503 09/09/2025   2 09/09/2025 Books